| 000 | 006020000a22001930004500 | ||
|---|---|---|---|
| 001 | 37095 | ||
| 100 | _a20180412d2014 m y0pory5003 ba | ||
| 101 | 0 | _apor | |
| 102 | _aPT | ||
| 200 | 1 |
_aA cidade e a infância _econtos _fLuandino Vieira |
|
| 205 | _a2.ª ed | ||
| 210 |
_aLisboa _cUnião das Cidades Capitais de Língua Portuguesa _d2014 |
||
| 215 | _a79 p | ||
| 225 | 2 |
_aAutores ultramarinos _v2 |
|
| 675 |
_a821.134.3(673)-34"19" _vBN _zpor |
||
| 700 | 1 |
_aVieira _bJosé Luandino _cpseud. |
|
| 090 | _a37095 | ||
| 942 |
_cMON _n0 |
||
| 999 | _a37095 | ||